• 首页
  • 本馆介绍
  • 公告通知
  • 最新文献
  • 馆藏检索
  • 电子资源
  • 读者导购
  • 参考咨询
  • 我的图书馆
  • 登录
  • 详细信息显示
  • 放入我的书架
  • 预约/预借图书
  • 作者相关作品
  • 分类相关作品
  • 丛书相关作品
  • 出版社相关作品

书目信息

  • 表格格式
  • 工作单格式
  • 卡片格式
题名:
农业靠科学
    
 
作者: ;科学普及出版社总编室 主编
分册:  
出版信息: 北京   科学普及出版社  1982
页数: 165页
开本: 21cm
丛书名:
单 册:
中图分类: F321.41
科图分类:
主题词: 联产承包-生产责任制--中国 , 生产责任制-联产承包--中国
电子资源:
ISBN: 16051.1018
000 00741nam0 2200241 450
001 0182008686
005 20100712220313.0
010    @a16051.1018@dCNY0.58
091    @a16051.1018
100    @a19950530d1982 kemy0chiy0110 ea
101 0  @achi
102    @aCN@b110000
105    @ay z 000yy
106    @ar
200 1  @a农业靠科学@9Nong Ye Kao Ke Xue @e各种形式的农业技术联产责任制@f科学普及出版社总编室主编
210    @a北京@c科学普及出版社@d1982
215    @a165页@d21cm
606 0  @a联产承包-生产责任制@y中国
606 0  @a生产责任制-联产承包@y中国
690    @aF321.41@v3
711 02 @a科学普及出版社总编室@9ke xue pu ji chu ban she zong bian shi@4主编
801  0 @aCN@bAzMarc@c20130904
905    @aBZT@dF321.41@e3@f2@sF321.41/3
    
    农业靠科学:各种形式的农业技术联产责任制/科学普及出版社总编室主编.-北京:科学普及出版社,1982
    165页;21cm
    
    
    ISBN 16051.1018:CNY0.58
    
●
相关链接 在五车中查询图书 在当当中查询图书 在豆瓣中查询图书


正题名:农业靠科学     索取号:F321.41/3         预约/预借

序号 登录号 条形码 馆藏地/架位号 状态 备注
1 2000079574   2000079574   旧书回溯/ [索取号:F321.41/3] 在馆    
2 2000083017   2000083017   旧书回溯/ [索取号:F321.41/3] 在馆    
山东省滨州职业学院图书馆 欢迎您!
大连网信软件有限公司© 版权所有